Marketing zdravotníckych pomôcok diplomová práca

Gespeichert in:
Bibliographische Detailangaben
1. Verfasser: Čiderová, Lucia
Körperschaft: Podnikovohospodárska fakulta EU so sídlom v Košiciach. Katedra marketingu a obchodu
Weitere Verfasser: Polák, Matej
Format: Buch
Sprache:Slowakisch
Veröffentlicht: Košice 2009
Tags: Tag hinzufügen
Keine Tags, Fügen Sie das erste Tag hinzu!

MARC

LEADER 00000nam$a2200000$$$4500
001 0099178
005 20240319131749.8
041 0 |a slo 
044 |a SK 
245 1 0 |a Marketing zdravotníckych pomôcok  |b diplomová práca  |c Lucia Čiderová ; škol. Matej Polák 
264 1 |a Košice  |c 2009 
300 |a 84 s. 
100 1 |a Čiderová, Lucia 
700 1 |a Polák, Matej 
710 2 |a Podnikovohospodárska fakulta EU so sídlom v Košiciach. Katedra marketingu a obchodu